| 000 | 00716nam a2200217 a 4500 | ||
|---|---|---|---|
| 001 | 3883 | ||
| 005 | 20140414131934.0 | ||
| 008 | 040601s19uu xx 00 eng d | ||
| 050 |
_aREF 503.21 _bG89 1987 |
||
| 245 |
_aGrowing up with science : _bthe illustrated encyclopedia of invention / _cexecutive editor Michael Dempsey. |
||
| 260 |
_aWestport, CT : _bH. S. Stuttman, _c1987. |
||
| 300 | _a25 v. ; 96 P. . : ill. ; cm. | ||
| 500 | _aIncludes index | ||
| 650 | _aScience--encyclopedias. | ||
| 650 | _aDiscoveries in science. | ||
| 650 | _aTechnology--Encyclopedias. | ||
| 650 | _aInventions--Encycloepdias. | ||
| 650 | _aScience--Dictionaries. | ||
| 650 | _aTechnology--Dictionaries. | ||
| 999 |
_c112340 _d112340 |
||